Guess the Taylor Swift Song by the Lyrics #23 - Statistics

General Stats
  • This quiz has been taken 39 times
  • The average score is 401 of 519
Answer Stats
LYRICS % Correct
a
100%
I
100%
to
97%
you
97%
You
97%
If
94%
if
94%
in
94%
and
90%
And
90%
(And
90%
be
90%
Be
90%
it
90%
me
90%
on
90%
the
90%
when
90%
where
90%
But
87%
Don't
87%
for
87%
go
87%
my
87%
of
87%
Or
87%
too
87%
your
87%
can
84%
I'm
84%
(I'm
84%
is
84%
love
84%
no
84%
see
84%
So
84%
that
84%
there
84%
we're
84%
at
81%
been
81%
Got
81%
got
81%
it's
81%
know
81%
like
81%
say
81%
this
81%
was
81%
who
81%
all
77%
could
77%
didn't
77%
how
77%
look
77%
tell
77%
what
77%
You're
77%
bad
74%
down
74%
game
74%
game)
74%
I'll
74%
I've
74%
leave
74%
long
74%
meet
74%
Nice
74%
"Oh
74%
oh
74%
(Oh)
74%
play?"
74%
Saw
74%
show
74%
They'll
74%
things
74%
thought
74%
want
74%
We'll
74%
baby
71%
Cause
71%
ex-lovers
71%
face
71%
get
71%
girl
71%
God
71%
gonna
71%
good
71%
incredible
71%
insane
71%
(Insane)
71%
insane)
71%
list
71%
Love's
71%
make
71%
name
71%
next
71%
out
71%
over
71%
(Over)
71%
wanna
71%
way
71%
with
71%
(With
71%
young
71%
about
68%
blank
68%
breathless
68%
come
68%
far
68%
flames
68%
forever
68%
friends
68%
high
68%
mistake
68%
nasty
68%
New
68%
one
68%
only
68%
players
68%
scar
68%
scar)
68%
she?"
68%
sin
68%
space
68%
take
68%
write
68%
Boys
65%
Find
65%
hand
65%
heard
65%
hey
65%
let's
65%
pain
65%
reckless
65%
time
65%
torture
65%
warn
65%
worth
65%
ya
65%
(Yeah)
65%
Ain't
61%
crying
61%
ends
61%
funny
61%
Grab
61%
It'll
61%
king
61%
magazine
61%
Magic
61%
month
61%
passport
61%
queen
61%
read
61%
Rumors
61%
weekend
61%
worst
61%
yet
61%
you'll
61%
back
58%
dying
58%
guys
58%
heaven
58%
madness
58%
money
58%
suit
58%
tie
58%
daydream
55%
dressed
55%
drunk
55%
nightmare
55%
Screaming
55%
tables
55%
turn
55%
darling
52%
each
52%
filled
52%
fly
52%
jealousy
52%
lips
52%
mm
52%
perfect
52%
Rose
52%
storms
52%
thorns
52%
garden
48%
skies
48%
Cherry
45%
crystal
45%
guessing
45%
kisses
45%
lies
45%
pretty
45%
Wait
45%
Keep
42%
(Ooh)
42%
second
42%
Stolen
42%
Ayy
23%
(Oh-oh)
13%
No matching quizzes found
Score Distribution
Percent of People with Each Score
Percentile by Number Answered
Your Score History
You have not taken this quiz